<?xml version="1.0" encoding="UTF-8"?>
<collection xmlns="http://www.loc.gov/MARC21/slim">
  <record>
    <leader>00000nam  2200000   4500</leader>
    <controlfield tag="001">INLIS000000000015767</controlfield>
    <controlfield tag="005">20230901021359</controlfield>
    <datafield tag="035" ind1="#" ind2="#">
      <subfield code="a">0010-0923000008</subfield>
    </datafield>
    <datafield tag="245" ind1="1" ind2="#">
      <subfield code="a">Kolaborasi Perencanaan Kebutuhan Data Statistik Sektoral Dalam Mengembangkan Sistem Statistik Nasional (Renstra Data) /</subfield>
      <subfield code="c">Martin Wibisono</subfield>
    </datafield>
    <datafield tag="100" ind1=" " ind2="#">
      <subfield code="a">Martin Wibisono</subfield>
    </datafield>
    <datafield tag="250" ind1="#" ind2="#">
      <subfield code="a">1</subfield>
    </datafield>
    <datafield tag="300" ind1="#" ind2="#">
      <subfield code="a">33 halaman :</subfield>
      <subfield code="b">ilus ;</subfield>
      <subfield code="c">30 cm</subfield>
    </datafield>
    <datafield tag="856" ind1="#" ind2="#">
      <subfield code="a">Perpustakaan LAN Pusat</subfield>
    </datafield>
    <datafield tag="260" ind1="#" ind2="#">
      <subfield code="a">Jakarta :</subfield>
      <subfield code="b">Pusbangkom Pimnas dan Manajerial ASN,</subfield>
      <subfield code="c">2022</subfield>
    </datafield>
    <datafield tag="084" ind1="#" ind2="#">
      <subfield code="a">R 174 PIM II 2022</subfield>
    </datafield>
    <datafield tag="650" ind1="#" ind2="4">
      <subfield code="a">Sistem Statistik Nasional</subfield>
    </datafield>
    <datafield tag="520" ind1="#" ind2="#">
      <subfield code="a">Rentra Data merupakan upaya pemetaan kebutuhan data statistik sektoral, dengan fokus pada konstribusi BPS yang lebih luar, dalam rangka pemenuhan kebutuhan statistik nasional, sehingga data yang dihasilkan lebih sesuai kebutuhan, dalam membangun wilayah untuk mengurangi kesenjangan dan menjamin pemerataan. Diharapkan adanya pemetaan kebutuhan data dapat mengidentifikasi kebutuhan dan membantu penyusunan strategi nasional pembangunan statistik indonesia (SNPSI) untuk percepatan terwujudnya Satu Data Indonesia (SDI)</subfield>
    </datafield>
    <datafield tag="990" ind1="#" ind2="#">
      <subfield code="a">174</subfield>
    </datafield>
  </record>
</collection>
